Nuevas tecnologías para la educación infantil y primaria
Spremljeno u:
| Glavni autor: | |
|---|---|
| Format: | Knjiga |
| Jezik: | španjolski |
| Izdano: |
Madrid
Ministerio de Educación y Ciencia
2005
Madrid Ediciones Morata 2005 |
| Izdanje: | 1a. ed |
| Serija: | Colección Educación Infantil y Primaria, 43
|
| Teme: | |
| Oznake: |
Dodaj oznaku
Bez oznaka, Budi prvi tko označuje ovaj zapis!
|
MARC
| LEADER | 00000nam a2200000 a 4500 | ||
|---|---|---|---|
| 001 | UCK9287 | ||
| 003 | CL-VaPUC | ||
| 008 | 060428e20050000sp |||||||||||||||||spa|d | ||
| 020 | |a 847112503X | ||
| 082 | 0 | 4 | |a 371.33 |b SIR |2 21 |
| 100 | 0 | |a Siraj-Blatchford, John |e author |9 499007 | |
| 245 | 1 | 0 | |a Nuevas tecnologías para la educación infantil y primaria |
| 250 | |a 1a. ed | ||
| 300 | |a 199 p | ||
| 942 | |c BK | ||
| 945 | |d 20060428 00:00:00 |a cmena | ||
| 260 | |a Madrid |b Ministerio de Educación y Ciencia |c 2005 | ||
| 260 | |a Madrid |b Ediciones Morata |c 2005 | ||
| 650 | 0 | |a Métodos de enseñanza |9 270413 | |
| 650 | 0 | |a Innovaciones pedagógicas |9 307471 | |
| 650 | 7 | |a DESARROLLO TECNOLOGICO |2 CL-VaPUC |9 259800 | |
| 650 | 7 | |a TRABAJO EN EQUIPO |2 CL-VaPUC |9 393025 | |
| 650 | 7 | |a JUEGOS DIDACTICOS |2 CL-VaPUC |9 372975 | |
| 650 | 7 | |a DISEÑO DE PROYECTOS |2 CL-VaPUC |9 499008 | |
| 583 | |a last modification |c 20171123 01:50:45 |k Rodrigo Vera | ||
| 490 | 0 | |a Colección Educación Infantil y Primaria, 43 | |
| 999 | |c 316515 |d 316513 | ||
| 952 | |0 0 |1 0 |4 0 |6 371_330000000000000_SIR_2005_2005 |7 0 |8 A |9 390938 |a BIBEDU |b BIBEDU |d 2019-11-22 |i 4224167 |o 371.33 SIR 2005 2005 |p 4224167 |r 2019-11-22 |w 2019-11-22 |y BK |k EDU | ||